| 000 | 00687nam a2200217 a 4500 | ||
|---|---|---|---|
| 999 |
_c4406 _d4406 |
||
| 001 | 4406 | ||
| 003 | BD-JhCC | ||
| 005 | 20171127100200.0 | ||
| 008 | 171127s1984 bg |||| ||a| 000 0 ben d | ||
| 035 | _a(BD-JhCC)4406 | ||
| 040 |
_aBD-JhCC _dBD-JhCC |
||
| 041 | _aben | ||
| 082 |
_a891.4415 _bGON 1984 |
||
| 100 | _aগঙ্গোপাধ্যায়, সুনীল | ||
| 245 |
_aএসেছি দৈব পিকনিকে / _cসুনীল গঙ্গোপাধ্যায়, |
||
| 260 |
_aঢাকা : _bনওরোজ সাহিত্য সংসদ, _c1984 |
||
| 300 |
_a61 p. : _c20 cm. |
||
| 650 | _aBengali Poem | ||
| 942 |
_2ddc _cBK |
||